Cinémathèques et archives du film (notice n° 1925253)

détails MARC
000 -LEADER
fixed length control field 01573cam a2200133 4500500
005 - DATE AND TIME OF LATEST TRANSACTION
control field 20260329023155.0
041 ## - LANGUAGE CODE
Language code of text/sound track or separate title fre
042 ## - AUTHENTICATION CODE
Authentication code dc
100 10 - MAIN ENTRY--PERSONAL NAME
Personal name Le Roy, Éric
Relator term author
245 00 - TITLE STATEMENT
Title Cinémathèques et archives du film
260 ## - PUBLICATION, DISTRIBUTION, ETC.
Name of publisher, distributor, etc. Armand Colin,<br/>
Date of publication, distribution, etc. 2013.<br/>
520 ## - SUMMARY, ETC.
Summary, etc. Bilan historique, politique et théorique des cinémathèques et archives de films dans le monde, cet ouvrage s’appuie sur l’histoire de ces institutions. Imaginées à la fin du XIXe siècle, les cinémathèques se développent dans les années 1930 puis, après la guerre, connaissent une ampleur sans précédent et suscitent, aujourd’hui encore, de passionnés débats théoriques. L’auteur aborde de nombreuses questions : quelles sont les premières institutions dans le monde ? qui conserve quoi, comment, et pour qui ? quelles sont les théories et les méthodes de conservation, de restauration, et d’accès ? à qui appartiennent les films ? Il interroge l’enrichissement, la collecte et la gestion du matériau filmique des cinémathèques, mais également le « non film », soit toute la documentation papier, le matériel publicitaire, des archives de création qui font partie de l’activité des institutions. L’ouvrage pose des jalons, esquisse des directions, dégage des perspectives, montre la vitalité de la communauté des archives et présente les perspectives du métier et des institutions à l’ère du numérique.
856 41 - ELECTRONIC LOCATION AND ACCESS
Uniform Resource Identifier <a href="https://shs.cairn.info/cinematheques-et-archives-du-film--9782200276737?lang=fr&redirect-ssocas=7080">https://shs.cairn.info/cinematheques-et-archives-du-film--9782200276737?lang=fr&redirect-ssocas=7080</a>

Pas d'exemplaire disponible.

PLUDOC

PLUDOC est la plateforme unique et centralisée de gestion des bibliothèques physiques et numériques de Guinée administré par le CEDUST. Elle est la plus grande base de données de ressources documentaires pour les Étudiants, Enseignants chercheurs et Chercheurs de Guinée.

Adresse

627 919 101/664 919 101

25 boulevard du commerce
Kaloum, Conakry, Guinée

Réseaux sociaux

Powered by Netsen Group @ 2025